000 01019nam a22003017a 4500
999 _c169080
_d169080
003 OSt
005 20180806150035.0
007 ta
008 180731b my a|||b |||| 00| 1 ara d
020 _c9786144087626
_qRM240.00
_aset
020 _a9786144086346
_cRM30.00
_qhardback
040 _aPPAK
_beng
_cPPAK
_erda
082 0 4 _223
_a892.73
090 0 0 _a892.73
_bALS
_dK
245 0 0 _aلسمك مع رأس كبير = Alsamak mae ras kabir :
_bThe fish with a big head /
246 1 1 _aلسمك مع رأس كبير = Alsamak mae ras kabir
_bThe fish with a big head
264 1 _aBeirut, Lebanon :
_bDIGITAL FUTURE ;
_c[2018?]
300 _a50 pages :
_bcolour illustrations ;
_c22 cm
336 _2rdacontent
_atext
337 _2rdamedia
_aunmediated
338 _2rdacarrier
_avolume
490 1 _aANA AQRA' BINAFSI
_vLEVEL 4
500 _aScholastic Arabic Stories Level 4
650 1 0 _aChildren’s stories, Arabic
650 2 0 _aDidactic fiction, Arabic
830 0 _aAna aqra' binafsi
_n4
942 _2ddc
_cB